Backwardness and bondage: agrarian relations in a south Bihar district (Record no. 475673)

000 -LEADER
fixed length control field 00515cam a22001457a 4500
008 - FIXED-LENGTH DATA ELEMENTS--GENERAL INFORMATION
fixed length control field 180718b1979 xxu||||| |||| 00| 0 eng d
082 ## - DEWEY DECIMAL CLASSIFICATION NUMBER
Classification number R153x5413 In2
100 ## - MAIN ENTRY--PERSONAL NAME
Personal name Mundle, Sudipto
9 (RLIN) 10330
245 ## - TITLE STATEMENT
Title Backwardness and bondage: agrarian relations in a south Bihar district
Statement of responsibility, etc by Sudipto Mundle
260 ## - PUBLICATION, DISTRIBUTION, ETC. (IMPRINT)
Place of publication, distribution, etc New Delhi
Name of publisher, distributor, etc Indian Institute of Public Administration
Date of publication, distribution, etc 1979
300 ## - PHYSICAL DESCRIPTION
Extent 184p.
650 ## - SUBJECT ADDED ENTRY--TOPICAL TERM
Topical term or geographic name as entry element Community life, Rural - India - Bihar
9 (RLIN) 10331
650 ## - SUBJECT ADDED ENTRY--TOPICAL TERM
Topical term or geographic name as entry element Bonded labour - India - Bihar
9 (RLIN) 10332
942 ## - ADDED ENTRY ELEMENTS (KOHA)
Source of classification or shelving scheme
Holdings
Withdrawn status Lost status Damaged status Koha normalized classification for sorting Not for loan Permanent location Current location Date acquired Full call number Barcode Date last seen Price effective from Koha item type Source of classification or shelving scheme
      R_153X5413_IN2   Indian Institute of Public Administration Indian Institute of Public Administration 2018-08-04 R153x5413 In2 GR10244 2018-08-04 2018-08-04 GR  
      R_153X5413_IN2   Indian Institute of Public Administration Indian Institute of Public Administration 2018-08-04 R153x5413 In2 GR10243 2018-08-04 2018-08-04 GR  
      R_153X5413_IN2   Indian Institute of Public Administration Indian Institute of Public Administration 2018-08-04 R153x5413 In2 GR10242 2018-08-04 2018-08-04 GR  
      R_153X5413_IN2   Indian Institute of Public Administration Indian Institute of Public Administration 2018-08-04 R153x5413 In2 GR10241 2018-08-04 2018-08-04 GR  
      R_153X5413_IN2   Indian Institute of Public Administration Indian Institute of Public Administration 2019-09-12 R153x5413 In2 GR21595 2019-09-12 2019-09-12 GR  

Powered by Koha